01079nam a2200277 a 450000100100000000500170001000800410002702000150006804000130008308200190009610000310011524500920014626000340023830000280027249000750030049000350037550000330041050000620044350000420050565000330054765000280058065000350060865000480064383000750069183000350076600001675120250924073801.0100310s2002 dr a 000 0 spa d a9993477273 aDO-SdBNP a378.007bM826i1 aMoquete de la Rosa, Jacobo13aLa investigación académica :bteoría y aplicaciones /cJacobo Moquete de la Rosa. aSanto Domingo :bUASD,c2002. a180 P. :bil. ;c29 cm.1 aPublicaciones de la Universidad Autónoma de Santo Domingovvol. 10881 aEducación y Sociedadvno. 51 aIncluye índice de materias aIncluye datos biográficos del autor en la contraportada aIncluye notas al pie de las páginas 4aEducaciónxInvestigación 4aProyectos de desarrollo 4aInvestigacionesxMetodología aInvestigación científicaxMetodología aPublicaciones de la Universidad Autónoma de Santo Domingovvol. 1088 0aEducación y Sociedadnno. 51